La noche de los bastones largos (segunda parte) /
Las consecuencias de la intervención a las universidades nacionales y la represión a estudiantes y profesores, conocida como la Noche de los Bastones Largos. El éxodo de intelectuales e investigadores y la supresión de los centros de estudiantes.
Guardado en:
| Autor Principal: | |
|---|---|
| Autores Corporativos: | , |
| Otros Autores: | |
| Formato: | |
| Publicado: |
Argentina,
2009.
|
| Series: | Historia De Un País. Argentina Siglo XX
|
| Materias: | |
| Acceso en línea: | https://www.educ.ar/recursos/100390/la-noche-de-los-bastones-largos-segunda-parte |
| Etiquetas: |
Agregar Etiqueta
Sin Etiquetas, Sea el primero en etiquetar este registro!
|
| LEADER | 01433ngm a22003495g 4500 | ||
|---|---|---|---|
| 001 | CEM.cems023157 | ||
| 008 | 130507s2009##################0###0#####d | ||
| 005 | 20241216190757.0 | ||
| 245 | 1 | 0 | |a La noche de los bastones largos (segunda parte) / |c Sebastián Mignona. |
| 260 | |a Argentina, |c 2009. | ||
| 300 | |a 23'. | ||
| 490 | 0 | |a Historia De Un País. Argentina Siglo XX | |
| 500 | |a Consultar en ventanilla. | ||
| 520 | |a Las consecuencias de la intervención a las universidades nacionales y la represión a estudiantes y profesores, conocida como la Noche de los Bastones Largos. El éxodo de intelectuales e investigadores y la supresión de los centros de estudiantes. | ||
| 538 | |a Soporte: DVD - Color: Si - Grabación DRD | ||
| 590 | |a Identificación anterior registrada en SIABUC: DVD Nº48 | ||
| 100 | 1 | |a Mignona, Sebastián | |
| 700 | 1 | |a Palomino, Juan; Voz en off. | |
| 710 | 2 | |a Canal Encuentro. | |
| 710 | 2 | |a El perro en la Luna. | |
| 082 | 9 | 8 | |/ MIG-3 |
| 653 | |a HISTORIA ARGENTINA | ||
| 653 | |a HISTORIA | ||
| 653 | |a HISTORIA ARGENTINA CONTEMPORANEA | ||
| 653 | |a ONGANIA | ||
| 653 | |a REVOLUCION ARGENTINA | ||
| 653 | |a REPRESION | ||
| 653 | |a NIVEL PRIMARIO | ||
| 653 | |a NIVEL SECUNDARIO | ||
| 653 | |a SERIE DE TELEVISIÓN | ||
| 856 | |u https://www.educ.ar/recursos/100390/la-noche-de-los-bastones-largos-segunda-parte | ||
| 859 | |a CEMS |b BIB. CEMS - Depto. Recursos Didacticos |h 982 |i MIG-3 |k DRD |p 1800.13 |t Ej.1 | ||
